000 00384nam a22000977a 4500
100 _aकुलश्रेष्‍ठ,सरोजनी
_979540
245 _aश्रेष्‍ठ बाल कहानियॉं
260 _aगाजियाबाद
_bअनिमेष पब्लिकेशन
_c2018
650 _aचिल्‍ड्रन बुक
_9159
942 _cHIN
999 _c63184
_d63184